000 00597nas a2200193 a 4500
001 000031626
003 DLC
005 20241114143911.0
008 110628c19269999dr r1p 0 0spa d
040 _aDO-SdBNP
_bspa
_cDO-SdBNP
_erda
043 _anwdr
245 0 0 _aLa tribuna médica :
_brevista de medicina y ciencias naturales.
260 _aSanto Domingo,
_c1926.
_fCromos
310 _aMensual
362 0 _aAño 2, 2 época, no.5 (agosto 1926)
500 _aDirector: Viriato A. Fiallo
650 4 _aMedicina
_zRepública Dominicana
_vPUBLICACIONES PERIÓDICAS
_957828
942 _2ddc
_cISSUE
999 _c31118
_d31118